000 02588nam0a2200385 4500
001 RU\NLR\bibl\1766733
005 20250616125939.0
010 _a978-5-9533-5392-2
_94000
021 _aRU
_b2011-24628
_9187д/11
035 _a(nilc)RSL-KNO-004944948
035 _aKML\BIBL\0000020945
035 _a(NLR Aleph) 001757528
090 _a1557679
_c1557679
100 _a20110411d2011 |||y0rusy50 ca
101 1 _arus
_cfre
102 _aRU
105 _ay |||||||||
200 1 _aПризрак улицы Руаяль
_e[роман]
_fЖан-Франсуа Паро
_g[пер. с фр. Е.В. Морозовой]
210 _aМосква
_cВече
_d2011
215 _a348, [2] с.
_d21
225 1 _aСледствие ведет...
_iКомиссар Николя Ле Флок
330 _a1770 год, Париж. В давке во время праздничного фейерверка в честь бракосочетания дофина и Марии-Антуанетты погибли и были ранены сотни зевак. Расследуя обстоятельства трагедии, комиссар Николя Ле Флок находит среди трупов тело молодой девушки, смерть которой не была случайной: девушку задушили. Следствие приводит Николя в дом на улицу Руаяль, где ему придется столкнуться не только со странностями обитателей этого дома, но и вступить в борьбу с потусторонними силами... "Призрак улицы Руаяль" - роман популярного французского писателя Жана-Франсуа Паро из серии книг о приключениях отважного комиссара королевской полиции Николя Ле Флока
455 0 _12000#$aLe fantome de la rue Royale
_1210##$aParis$cJean-Claude Lattes$d2001
_1700#0$aParot, Jean-Francois
_tLe fantome de la rue Royale
_aParot, Jean-Francois
686 _aШ5(4Фр)62-644.6
_2rubbk
686 _a0611
_aЗарубежная проза
_2TCC-BG
686 _aШ6(4Фр)67-446{Лх1649-60}
700 1 _aПаро
_bЖ. -Ф.
_gЖан-Франсуа
_4070
801 0 _aRU
_bРКП
_c20110411
_grcr
801 1 _aRU
_bРГБ
_c20110411
801 2 _aRU
_bНБР Коми
_c20110816
801 2 _aRU
_bNLR
_c20110506
_grcr
942 _cBOOK
980 _aNB
980 _aNBR